000 00778cab a2200241 4500
001 WB3034-61
008 090401t1994 xxu||||| |||| 00| 0 eng d
035 _a(Sirsi) u47258
041 _aeng
245 _aDreaming spires on city rubble
260 _c1994
350 _a0
490 _aFinancial Times
_v10 September 1994, 7
490 _aEstates Gazette
_v(9436) 10 September 1994, 78(2)
520 _aDiscusses the role played by universities in urban renewal in the light of the announcement that a £60m university campus is to be built in the Royal Docks, London.
650 _aUNIVERSITIES
650 _aUNIVERSITY CAMPUSES
650 _aUNIVERSITY ESTATES
650 _aURBAN REGENERATION
690 _aURBAN RENEWAL
942 _n0
948 _c04/03/1997
999 _c29808
_d29808